000 00419nam a2200169Ia 4500
008 230524s9999 xx 000 0 und d
082 _a5.133
_bSIN
100 _aRenu Singh
245 0 _aMicroprocessors Interfacing and Applications
250 _a2nd
260 _aNEW DELHI
_bNew Age
_c2006
300 _aXX;449
500 _aQuantity Number: 2
650 _aComp-Sc
700 _a B.P.Singh
_95207
942 _cBK
999 _c36589
_d36589